[Event "CYCC U18"]
[Site "Vancouver CAN"]
[Date "2012.07.04"]
[Round "4"]
[White "Calugar, Arthur"]
[Black "Venables, Darren"]
[Result "1-0"]
[WhiteElo "2404"]
[BlackElo "1191"]
[PlyCount "43"]
[GameId "2160767909509011"]
[EventDate "2012.07.03"]
[EventType "tourn"]
[EventRounds "7"]
[EventCountry "CAN"]
[SourceTitle "EXT 2022"]
[Source "ChessBase"]
[SourceDate "2021.10.06"]
[SourceVersion "1"]
[SourceVersionDate "2021.10.06"]
[SourceQuality "1"]

1. b3 e5 2. Bb2 d6 3. e3 f5 4. d4 e4 5. d5 Nf6 6. Ne2 g6 7. Nf4 Bg7 8. c4 O-O 9. h4 c5 10. dxc6 Nxc6 11. Be2 Re8 12. Nc3 Ne5 13. Qd2 Qb6 14. Rd1 Rd8 15. Ncd5 Nxd5 16. Nxd5 Qa6 17. Nc7 Qc6 18. Nxa8 Be6 19. Kf1 Nf7 20. Bxg7 Kxg7 21. Qd4+ Ne5 22. Qxa7 1-0

[Event "CYCC U18"]
[Site "Vancouver CAN"]
[Date "2012.07.04"]
[Round "4"]
[White "Cheng, Jack"]
[Black "Pouliot, Marc-Andre"]
[Result "1-0"]
[WhiteElo "2158"]
[BlackElo "741"]
[PlyCount "115"]
[GameId "2160767909509012"]
[EventDate "2012.07.03"]
[EventType "tourn"]
[EventRounds "7"]
[EventCountry "CAN"]
[SourceTitle "EXT 2022"]
[Source "ChessBase"]
[SourceDate "2021.10.06"]
[SourceVersion "1"]
[SourceVersionDate "2021.10.06"]
[SourceQuality "1"]

1. e4 e5 2. Nf3 Nc6 3. d4 d6 4. dxe5 dxe5 5. Qxd8+ Nxd8 6. Nxe5 f6 7. Nf3 Ne6 8. Bc4 Bc5 9. O-O Bd7 10. Nc3 O-O-O 11. e5 Ne7 12. Re1 Ng5 13. Nxg5 fxg5 14. Bxg5 Rdf8 15. Be3 Bxe3 16. Rxe3 Rf5 17. Rd1 c6 18. Red3 Rd8 19. Rxd7 Rxd7 20. Be6 Rxe5 21. Bxd7+ Kc7 22. f4 Re3 23. Kf2 Rxc3 24. bxc3 b5 25. Bg4 Nd5 26. Rd3 Nxf4 27. Rd7+ Kb6 28. Rxg7 Nd5 29. Rxh7 Nxc3 30. Be6 a5 31. g4 Ne4+ 32. Ke3 Nf6 33. Rf7 Nxg4+ 34. Bxg4 a4 35. Rf4 Ka5 36. Bd7 c5 37. Bxb5 Kxb5 38. h4 c4 39. a3 Kc5 40. h5 c3 41. h6 Kd5 42. h7 Ke5 43. h8=Q+ Kd6 44. Qxc3 Kd5 45. Rxa4 Ke6 46. Rd4 Kf5 47. a4 Kg6 48. a5 Kg7 49. a6 Kh7 50. a7 Kh8 51. a8=Q+ Kg7 52. Qaa1 Kf6 53. Qd2 Kf5 54. c4 Ke5 55. Re4+ Kf5 56. Qf2+ Kg5 57. Qag1+ Kh5 58. Rh4# 1-0

[Event "CYCC U18"]
[Site "Vancouver CAN"]
[Date "2012.07.04"]
[Round "4"]
[White "Lee, Melissa"]
[Black "Botez, Alexandra"]
[Result "0-1"]
[WhiteElo "1586"]
[BlackElo "2028"]
[PlyCount "84"]
[GameId "2160767909509013"]
[EventDate "2012.07.03"]
[EventType "tourn"]
[EventRounds "7"]
[EventCountry "CAN"]
[SourceTitle "EXT 2022"]
[Source "ChessBase"]
[SourceDate "2021.10.06"]
[SourceVersion "1"]
[SourceVersionDate "2021.10.06"]
[SourceQuality "1"]

1. e4 e6 2. d3 d5 3. Nd2 Nf6 4. Ngf3 c5 5. g3 Nc6 6. Bg2 Qc7 7. O-O Bd7 8. Re1 dxe4 9. Nxe4 Nxe4 10. Rxe4 Bd6 11. Bf4 Bxf4 12. Rxf4 h6 13. Re4 f5 14. Re1 O-O-O 15. d4 cxd4 16. c3 dxc3 17. bxc3 e5 18. Qb3 Rhe8 19. Rab1 Be6 20. Qb2 Bd5 21. Red1 Be4 22. Rxd8+ Rxd8 23. Rc1 g5 24. Nd2 Bxg2 25. Kxg2 Qd7 26. Nb3 f4 27. Qe2 g4 28. f3 Qd5 29. Re1 fxg3 30. hxg3 Rf8 31. Qe4 gxf3+ 32. Kf2 Qf7 33. Re3 Qh5 34. Rxf3 Qh2+ 35. Ke1 Qh1+ 36. Ke2 Rd8 37. Qg4+ Kb8 38. Rf1 Qd5 39. Qf3 e4 40. Qf4+ Ka8 41. Qxh6 Qd3+ 42. Kf2 e3+ 0-1

[Event "CYCC U18"]
[Site "Vancouver CAN"]
[Date "2012.07.04"]
[Round "4"]
[White "Zheng, Timothy"]
[Black "Blium, Benjamin"]
[Result "0-1"]
[WhiteElo "1431"]
[BlackElo "1712"]
[PlyCount "48"]
[GameId "2160767909509014"]
[EventDate "2012.07.03"]
[EventType "tourn"]
[EventRounds "7"]
[EventCountry "CAN"]
[SourceTitle "EXT 2022"]
[Source "ChessBase"]
[SourceDate "2021.10.06"]
[SourceVersion "1"]
[SourceVersionDate "2021.10.06"]
[SourceQuality "1"]

1. e4 e5 2. Nf3 Nc6 3. Bc4 Bc5 4. O-O Nf6 5. d3 d6 6. a3 Bg4 7. Nc3 Nd4 8. Be3 Nxf3+ 9. gxf3 Bh3 10. Bxc5 Bxf1 11. Kxf1 dxc5 12. f4 Qe7 13. Qf3 O-O-O 14. Qg3 g6 15. fxe5 Nh5 16. Qg4+ Kb8 17. f4 c6 18. Qf3 Rhf8 19. Ke2 f6 20. exf6 Rxf6 21. Kd2 Rxf4 22. Qg2 Rdf8 23. Ne2 Rf2 24. Qg1 Qe5 0-1

[Event "CYCC U18"]
[Site "Vancouver CAN"]
[Date "2012.07.04"]
[Round "5"]
[White "Blium, Benjamin"]
[Black "Cheng, Jack"]
[Result "0-1"]
[WhiteElo "1712"]
[BlackElo "2158"]
[PlyCount "48"]
[GameId "2160767909509015"]
[EventDate "2012.07.03"]
[EventType "tourn"]
[EventRounds "7"]
[EventCountry "CAN"]
[SourceTitle "EXT 2022"]
[Source "ChessBase"]
[SourceDate "2021.10.06"]
[SourceVersion "1"]
[SourceVersionDate "2021.10.06"]
[SourceQuality "1"]

1. e4 e5 2. Nf3 Nc6 3. Bc4 Nf6 4. Ng5 d5 5. exd5 Na5 6. Bb5+ c6 7. dxc6 bxc6 8. Qf3 Rb8 9. Bd3 h6 10. Ne4 Be7 11. b3 Nxe4 12. Bxe4 O-O 13. Qe2 f5 14. Bd3 Kh8 15. Bb2 Bf6 16. O-O e4 17. Bxf6 Qxf6 18. Ba6 Qxa1 19. Bxc8 Rbxc8 20. Nc3 Qb2 21. Qa6 Qa3 22. Na4 Qb4 23. c4 Qxd2 24. Nc5 e3 0-1

[Event "CYCC U18"]
[Site "Vancouver CAN"]
[Date "2012.07.04"]
[Round "5"]
[White "Botez, Alexandra"]
[Black "Calugar, Arthur"]
[Result "0-1"]
[WhiteElo "2028"]
[BlackElo "2404"]
[PlyCount "48"]
[GameId "2160767909509016"]
[EventDate "2012.07.03"]
[EventType "tourn"]
[EventRounds "7"]
[EventCountry "CAN"]
[SourceTitle "EXT 2022"]
[Source "ChessBase"]
[SourceDate "2021.10.06"]
[SourceVersion "1"]
[SourceVersionDate "2021.10.06"]
[SourceQuality "1"]

1. d4 d5 2. c4 c6 3. Nf3 Nf6 4. Nc3 a6 5. c5 Nbd7 6. Bf4 Nh5 7. e3 Nxf4 8. exf4 b6 9. b4 g6 10. Qa4 Qc7 11. Ne5 b5 12. Qd1 a5 13. a3 f6 14. Nd3 Bg7 15. h4 e5 16. f5 exd4 17. Ne2 O-O 18. Nxd4 Ne5 19. Nxe5 fxe5 20. Nxb5 Qd8 21. Nd6 Bxf5 22. b5 e4 23. bxc6 Bc3+ 24. Ke2 Bg4+ 0-1

[Event "CYCC U18"]
[Site "Vancouver CAN"]
[Date "2012.07.05"]
[Round "5"]
[White "Pouliot, Marc-Andre"]
[Black "Lee, Melissa"]
[Result "0-1"]
[WhiteElo "741"]
[BlackElo "1586"]
[PlyCount "88"]
[GameId "2160767909509017"]
[EventDate "2012.07.03"]
[EventType "tourn"]
[EventRounds "7"]
[EventCountry "CAN"]
[SourceTitle "EXT 2022"]
[Source "ChessBase"]
[SourceDate "2021.10.06"]
[SourceVersion "1"]
[SourceVersionDate "2021.10.06"]
[SourceQuality "1"]

1. b3 d6 2. Bb2 c5 3. d3 Nc6 4. Nd2 Nf6 5. e3 g6 6. d4 cxd4 7. exd4 Bg7 8. d5 Ne5 9. Nc4 Nxc4 10. Bxc4 O-O 11. Qe2 a6 12. O-O-O Rb8 13. Nf3 b5 14. Bd3 Nxd5 15. Bxg7 Kxg7 16. Rhe1 Nc3 17. Qxe7 Qxe7 18. Rxe7 Nxd1 19. Kxd1 Bg4 20. h3 Bxf3+ 21. gxf3 Rfe8 22. Rxe8 Rxe8 23. a4 Re5 24. Kc1 bxa4 25. bxa4 Ra5 26. Kb2 Rxa4 27. c4 Ra5 28. Kb3 Rc5 29. Be4 Rh5 30. Kb4 Kf6 31. Bb7 Rxh3 32. Bxa6 Rxf3 33. Bb7 Rxf2 34. c5 dxc5+ 35. Kxc5 Rd2 36. Kc4 h5 37. Kc3 Rd8 38. Kc4 g5 39. Bf3 g4 40. Be2 Ke5 41. Kc3 f5 42. Kc2 h4 43. Bd1 g3 44. Bf3 h3 0-1

[Event "CYCC U18"]
[Site "Vancouver CAN"]
[Date "2012.07.05"]
[Round "5"]
[White "Venables, Darren"]
[Black "Zheng, Timothy"]
[Result "1-0"]
[WhiteElo "1191"]
[BlackElo "1431"]
[PlyCount "63"]
[GameId "2160767909509018"]
[EventDate "2012.07.03"]
[EventType "tourn"]
[EventRounds "7"]
[EventCountry "CAN"]
[SourceTitle "EXT 2022"]
[Source "ChessBase"]
[SourceDate "2021.10.06"]
[SourceVersion "1"]
[SourceVersionDate "2021.10.06"]
[SourceQuality "1"]

1. e4 c5 2. c3 Nc6 3. d4 cxd4 4. cxd4 d5 5. exd5 Qxd5 6. Nf3 Bf5 7. Nc3 Qd7 8. Bd3 Nb4 9. Bxf5 Qxf5 10. Qa4+ Nc6 11. d5 b5 12. Qxb5 Qc8 13. Qxc6+ Qxc6 14. dxc6 Rc8 15. Be3 Nf6 16. Bxa7 Rxc6 17. O-O e6 18. Rfb1 Bb4 19. a3 Bxc3 20. bxc3 O-O 21. Bd4 Ne4 22. a4 Re8 23. a5 e5 24. Nxe5 Ra6 25. Rb7 f6 26. Ng4 h5 27. f3 hxg4 28. fxe4 Rxe4 29. Rb6 Ra8 30. a6 Kh7 31. a7 Ree8 32. Rb7 1-0

[Event "CYCC U18"]
[Site "Vancouver CAN"]
[Date "2012.07.05"]
[Round "6"]
[White "Botez, Alexandra"]
[Black "Pouliot, Marc-Andre"]
[Result "1-0"]
[WhiteElo "2028"]
[BlackElo "741"]
[PlyCount "79"]
[GameId "2160767909509019"]
[EventDate "2012.07.03"]
[EventType "tourn"]
[EventRounds "7"]
[EventCountry "CAN"]
[SourceTitle "EXT 2022"]
[Source "ChessBase"]
[SourceDate "2021.10.06"]
[SourceVersion "1"]
[SourceVersionDate "2021.10.06"]
[SourceQuality "1"]

1. d4 d5 2. c4 c6 3. Nf3 Nf6 4. Nc3 e6 5. Bf4 Bd6 6. Bxd6 Qxd6 7. e3 O-O 8. Bd3 Nbd7 9. cxd5 cxd5 10. O-O Nb6 11. Nb5 Qe7 12. Rc1 Bd7 13. Rc7 a6 14. Na3 Rac8 15. Rxb7 Na4 16. Qxa4 Qd6 17. Qxa6 Qxa6 18. Bxa6 Rb8 19. Rxb8 Rxb8 20. Rb1 Ne4 21. Bd3 h6 22. Bxe4 dxe4 23. Ne5 Ba4 24. h3 Bc2 25. Nxc2 f6 26. Nc6 Rb5 27. a4 Rh5 28. a5 Rd5 29. a6 Rd7 30. a7 Rxa7 31. Nxa7 e5 32. dxe5 fxe5 33. b4 g5 34. b5 h5 35. b6 g4 36. b7 Kf7 37. b8=Q Kf6 38. Qd6+ Kf5 39. Nd4+ exd4 40. Rb5# 1-0

[Event "CYCC U18"]
[Site "Vancouver CAN"]
[Date "2012.07.05"]
[Round "6"]
[White "Calugar, Arthur"]
[Black "Zheng, Timothy"]
[Result "1-0"]
[WhiteElo "2404"]
[BlackElo "1431"]
[PlyCount "79"]
[GameId "2160767909509020"]
[EventDate "2012.07.03"]
[EventType "tourn"]
[EventRounds "7"]
[EventCountry "CAN"]
[SourceTitle "EXT 2022"]
[Source "ChessBase"]
[SourceDate "2021.10.06"]
[SourceVersion "1"]
[SourceVersionDate "2021.10.06"]
[SourceQuality "1"]

1. b3 d5 2. Bb2 Nf6 3. e3 a6 4. Nf3 Bf5 5. d4 c6 6. Nbd2 Nbd7 7. Be2 c5 8. O-O e6 9. Ne5 cxd4 10. exd4 Rc8 11. Rc1 Bd6 12. f4 Ne4 13. Nxe4 Bxe4 14. Bd3 O-O 15. Bxe4 dxe4 16. Qe2 Nf6 17. c4 Bb4 18. f5 exf5 19. Rxf5 g6 20. Rf4 Ba3 21. Bxa3 Qxd4+ 22. Qf2 Qxe5 23. Bxf8 e3 24. Qf3 Rxf8 25. Rxf6 Kg7 26. Rf1 Qe7 27. Rf4 e2 28. Re1 Re8 29. Qc3+ Kg8 30. Rf2 Qc5 31. Qf3 f5 32. Rexe2 Rxe2 33. Qxe2 Kf7 34. g4 Qc8 35. gxf5 gxf5 36. Qh5+ Ke7 37. Re2+ Kd6 38. Qh6+ Kc5 39. Re5+ Kd4 40. Qe3# 1-0

[Event "CYCC U18"]
[Site "Vancouver CAN"]
[Date "2012.07.05"]
[Round "6"]
[White "Lee, Melissa"]
[Black "Cheng, Jack"]
[Result "0-1"]
[WhiteElo "1586"]
[BlackElo "2158"]
[PlyCount "92"]
[GameId "2160767909509021"]
[EventDate "2012.07.03"]
[EventType "tourn"]
[EventRounds "7"]
[EventCountry "CAN"]
[SourceTitle "EXT 2022"]
[Source "ChessBase"]
[SourceDate "2021.10.06"]
[SourceVersion "1"]
[SourceVersionDate "2021.10.06"]
[SourceQuality "1"]

1. e4 e5 2. Nf3 Nc6 3. Bb5 a6 4. Ba4 Nf6 5. O-O b5 6. Bb3 Bb7 7. c3 Nxe4 8. d4 Na5 9. Bc2 exd4 10. Re1 d5 11. cxd4 Be7 12. Nbd2 Nxd2 13. Bxd2 Nc4 14. b3 Nxd2 15. Qxd2 O-O 16. b4 Bf6 17. Rab1 g6 18. h3 c6 19. a3 Qd6 20. Qc3 Qc7 21. Bb3 Rfd8 22. Rbc1 a5 23. Ne5 axb4 24. Qxb4 Qd6 25. Qxd6 Rxd6 26. Ra1 Re6 27. f4 Bh4 28. Rf1 f6 29. Ng4 h5 30. Nf2 Re3 31. Bc2 f5 32. Nd3 Bf6 33. Ne5 Bxe5 34. fxe5 Raxa3 35. Rxa3 Rxa3 36. Kh2 Bc8 37. g4 Ra2 38. Rc1 fxg4 39. hxg4 Bxg4 40. Kg3 g5 41. Bg6 Kg7 42. Rxc6 Bd7 43. Rc7 h4+ 44. Kf3 g4+ 45. Kf4 Kxg6 46. Rxd7 g3 0-1

[Event "CYCC U18"]
[Site "Vancouver CAN"]
[Date "2012.07.05"]
[Round "6"]
[White "Venables, Darren"]
[Black "Blium, Benjamin"]
[Result "0-1"]
[WhiteElo "1191"]
[BlackElo "1712"]
[PlyCount "68"]
[GameId "2160767909509022"]
[EventDate "2012.07.03"]
[EventType "tourn"]
[EventRounds "7"]
[EventCountry "CAN"]
[SourceTitle "EXT 2022"]
[Source "ChessBase"]
[SourceDate "2021.10.06"]
[SourceVersion "1"]
[SourceVersionDate "2021.10.06"]
[SourceQuality "1"]

1. e4 e5 2. Nf3 Nc6 3. c3 d5 4. Qa4 Qd6 5. exd5 Qxd5 6. Bb5 Bd7 7. O-O O-O-O 8. Bxc6 Bxc6 9. Qg4+ Bd7 10. Qg3 h5 11. Qxe5 Qxe5 12. Nxe5 Be6 13. d4 f6 14. Nf3 g5 15. Re1 Bg4 16. Be3 Bxf3 17. gxf3 Bd6 18. Nd2 Nh6 19. Ne4 Nf5 20. Nxd6+ cxd6 21. Kg2 Rdg8 22. Rg1 g4 23. fxg4 hxg4 24. Bf4 Nh4+ 25. Kf1 Nf3 26. Rg2 Kd7 27. Ke2 Re8+ 28. Be3 f5 29. Kd3 f4 30. Bd2 Rh3 31. Kc2 Re2 32. Rd1 Rxd2+ 33. Rxd2 Ne1+ 34. Kd1 Nxg2 0-1

[Event "CYCC U18"]
[Site "Vancouver CAN"]
[Date "2012.07.05"]
[Round "7"]
[White "Cheng, Jack"]
[Black "Zheng, Timothy"]
[Result "1-0"]
[WhiteElo "2158"]
[BlackElo "1431"]
[PlyCount "27"]
[GameId "2160767909509023"]
[EventDate "2012.07.03"]
[EventType "tourn"]
[EventRounds "7"]
[EventCountry "CAN"]
[SourceTitle "EXT 2022"]
[Source "ChessBase"]
[SourceDate "2021.10.06"]
[SourceVersion "1"]
[SourceVersionDate "2021.10.06"]
[SourceQuality "1"]

1. e4 e5 2. Nf3 Nc6 3. d4 exd4 4. Nxd4 Nxd4 5. Qxd4 c5 6. Qe3 Qc7 7. Nc3 Qa5 8. Bd2 a6 9. Bc4 Ne7 10. Qf4 f6 11. Nb5 axb5 12. Bxa5 Rxa5 13. Bd5 Ng6 14. Qc7 1-0

[Event "CYCC U18"]
[Site "Vancouver CAN"]
[Date "2012.07.05"]
[Round "7"]
[White "Pouliot, Marc-Andre"]
[Black "Calugar, Arthur"]
[Result "0-1"]
[WhiteElo "741"]
[BlackElo "2404"]
[PlyCount "62"]
[GameId "2160767909509024"]
[EventDate "2012.07.03"]
[EventType "tourn"]
[EventRounds "7"]
[EventCountry "CAN"]
[SourceTitle "EXT 2022"]
[Source "ChessBase"]
[SourceDate "2021.10.06"]
[SourceVersion "1"]
[SourceVersionDate "2021.10.06"]
[SourceQuality "1"]

1. d4 Nf6 2. Nc3 d5 3. Nf3 g6 4. e3 Bg7 5. b3 c5 6. e4 dxe4 7. Ne5 O-O 8. Bc4 cxd4 9. O-O e6 10. Nb5 Nfd7 11. Nxd7 Qxd7 12. Nxd4 Qxd4 13. Qxd4 Bxd4 14. Re1 Bxa1 15. Rxe4 Rd8 16. h4 Nc6 17. Be3 Be5 18. g3 a6 19. Bb6 Rd1+ 20. Kg2 Bd4 21. Bxd4 Rxd4 22. Re3 b5 23. c3 Rd2 24. Re2 Rd8 25. a4 bxc4 26. bxc4 Bb7 27. f3 Rd3 28. Rb2 Rb8 29. Rb6 Ne5 30. Kf2 Rxf3+ 31. Ke2 Rxc3 0-1

[Event "CYCC U18"]
[Site "Vancouver CAN"]
[Date "2012.07.05"]
[Round "7"]
[White "Venables, Darren"]
[Black "Botez, Alexandra"]
[Result "0-1"]
[WhiteElo "1191"]
[BlackElo "2028"]
[PlyCount "108"]
[GameId "2160767909509025"]
[EventDate "2012.07.03"]
[EventType "tourn"]
[EventRounds "7"]
[EventCountry "CAN"]
[SourceTitle "EXT 2022"]
[Source "ChessBase"]
[SourceDate "2021.10.06"]
[SourceVersion "1"]
[SourceVersionDate "2021.10.06"]
[SourceQuality "1"]

1. e4 e6 2. d4 d5 3. e5 c5 4. c3 Nc6 5. Be3 Qb6 6. Qd2 cxd4 7. cxd4 Nge7 8. Bd3 Nf5 9. Bxf5 exf5 10. Nf3 h6 11. Nc3 Be6 12. O-O g5 13. Qd3 Be7 14. Rab1 f4 15. Bd2 g4 16. Ne1 Bg5 17. Nc2 a6 18. Ne2 f3 19. Nf4 Bxf4 20. Bxf4 fxg2 21. Rfd1 Ne7 22. Ne3 Ng6 23. Nxg2 O-O-O 24. Rdc1+ Kb8 25. b4 Ne7 26. b5 a5 27. Ne3 Rdg8 28. Qa3 Ng6 29. Bg3 h5 30. Rc5 h4 31. Nxd5 Bxd5 32. Rxd5 hxg3 33. Rd6 gxh2+ 34. Kh1 Qc7 35. Rc1 Qe7 36. Qxa5 Rc8 37. Re1 Nxe5 38. dxe5 Rc5 39. Red1 Qxe5 40. Rd8+ Rc8 41. Rxc8+ Rxc8 42. Rd8 f5 43. Rxc8+ Kxc8 44. Qa8+ Kc7 45. Qa5+ Kd7 46. Qd2+ Qd6 47. Qg5 Ke6 48. Qg6+ Ke5 49. Qg7+ Kf4 50. Qxb7 Qc5 51. Qb8+ Kf3 52. Qg3+ Ke2 53. Qe3+ Qxe3 54. fxe3 Kf2 0-1

[Event "CYCC U18"]
[Site "Vancouver CAN"]
[Date "2012.07.06"]
[Round "7"]
[White "Blium, Benjamin"]
[Black "Lee, Melissa"]
[Result "1-0"]
[WhiteElo "1712"]
[BlackElo "1586"]
[PlyCount "63"]
[GameId "2160767909509026"]
[EventDate "2012.07.03"]
[EventType "tourn"]
[EventRounds "7"]
[EventCountry "CAN"]
[SourceTitle "hb 2012"]

1. e4 c5 2. Nf3 d6 3. d4 cxd4 4. Nxd4 Nf6 5. Nc3 g6 6. f4 Nc6 7. Nxc6 bxc6 8. e5 dxe5 9. Qxd8+ Kxd8 10. fxe5 Ng4 11. Bf4 Bg7 12. Rd1+ Ke8 13. Nb5 Bxe5 14. Bxe5 Nxe5 15. Nc7+ Kf8 16. Nxa8 Kg7 17. Be2 Bb7 18. Nc7 c5 19. Nd5 e6 20. Ne3 h6 21. O-O Rc8 22. Nc4 Nxc4 23. Bxc4 Bc6 24. b3 a5 25. a4 Rc7 26. Rd6 Be8 27. Bb5 Bxb5 28. axb5 h5 29. b6 Rb7 30. Rc6 g5 31. Rxf7+ Rxf7 32. Rc7 1-0

[Event "Calgary int."]
[Site "Calgary CAN"]
[Date "2012.05.15"]
[Round "1.1"]
[White "Kovalyov, Anton"]
[Black "Wang, Richard"]
[Result "1-0"]
[WhiteElo "2619"]
[BlackElo "2307"]
[PlyCount "103"]
[GameId "2160767909509406"]
[EventDate "2012.05.15"]
[EventType "swiss"]
[EventRounds "9"]
[EventCountry "CAN"]
[SourceTitle "CBM 148 Extra"]
[Source "ChessBase"]
[SourceDate "2012.06.22"]
[SourceVersion "1"]
[SourceVersionDate "2012.06.22"]
[SourceQuality "1"]

1. c4 c5 2. Nf3 Nc6 3. Nc3 e5 4. g3 g6 5. Bg2 Bg7 6. a3 Nge7 7. O-O O-O 8. d3 d6 9. Rb1 a5 10. Ne1 Be6 11. Nc2 d5 12. cxd5 Nxd5 13. Ne3 Nde7 14. Nc4 Rb8 15. Bg5 f6 16. Be3 b6 17. f4 Nd5 18. f5 gxf5 19. Nxd5 Bxd5 20. Bxd5+ Qxd5 21. Rxf5 Ne7 22. Rf2 Qe6 23. Qb3 Nd5 24. Bd2 a4 25. Qb5 f5 26. Rbf1 f4 27. e4 Nc7 28. Qxa4 b5 29. Qa7 Na6 30. Nxe5 Bxe5 31. Bxf4 Ra8 32. Bxe5 Qxe5 33. Rxf8+ Rxf8 34. Rxf8+ Kxf8 35. Qxa6 Qd4+ 36. Kh1 Qxd3 37. Qf6+ Kg8 38. Qg5+ Kf7 39. Qd5+ Qxd5 40. exd5 Kf6 41. Kg2 Ke5 42. g4 Kxd5 43. h4 Kc4 44. g5 Kb3 45. h5 Kxb2 46. g6 hxg6 47. h6 Kxa3 48. h7 b4 49. h8=Q c4 50. Qa8+ Kb3 51. Kf3 Kc2 52. Qa2+ 1-0

[Event "Calgary int."]
[Site "Calgary CAN"]
[Date "2012.05.15"]
[Round "1.2"]
[White "Yam, Alex"]
[Black "Shabalov, Alexander"]
[Result "0-1"]
[WhiteElo "2258"]
[BlackElo "2534"]
[PlyCount "74"]
[GameId "2160767909509407"]
[EventDate "2012.05.15"]
[EventType "swiss"]
[EventRounds "9"]
[EventCountry "CAN"]
[SourceTitle "CBM 148 Extra"]
[Source "ChessBase"]
[SourceDate "2012.06.22"]
[SourceVersion "1"]
[SourceVersionDate "2012.06.22"]
[SourceQuality "1"]

1. e4 c5 2. c3 d5 3. exd5 Qxd5 4. d4 Nf6 5. Nf3 Bg4 6. Be2 e6 7. h3 Bh5 8. Be3 cxd4 9. cxd4 Nc6 10. Nc3 Qd6 11. a3 Be7 12. O-O O-O 13. Qb3 a6 14. Rfd1 Rfd8 15. Qb6 Rd7 16. g4 Bg6 17. Ne5 Nxe5 18. dxe5 Qxe5 19. Rxd7 Nxd7 20. Qxb7 Rd8 21. Rd1 Bd6 22. Kf1 Nf8 23. Bb6 Rd7 24. Qc6 Bc2 25. Rd4 Qh2 26. Bxa6 Qxh3+ 27. Ke1 Qh2 28. Bc8 Rc7 29. Bxc7 Bxc7 30. Ne2 Bb3 31. Qc5 Be5 32. Rd8 Qh1+ 33. Ng1 Qxg1+ 34. Ke2 Qxg4+ 35. Kd2 Qd1+ 36. Ke3 Qxd8 37. Qxe5 Qxc8 0-1

[Event "Calgary int."]
[Site "Calgary CAN"]
[Date "2012.05.15"]
[Round "1.3"]
[White "Mikhalevski, Victor"]
[Black "Gardner, Robert"]
[Result "1/2-1/2"]
[WhiteElo "2519"]
[BlackElo "2202"]
[PlyCount "94"]
[GameId "2160767909509408"]
[EventDate "2012.05.15"]
[EventType "swiss"]
[EventRounds "9"]
[EventCountry "CAN"]
[SourceTitle "CBM 148 Extra"]
[Source "ChessBase"]
[SourceDate "2012.06.22"]
[SourceVersion "1"]
[SourceVersionDate "2012.06.22"]
[SourceQuality "1"]

1. c4 b6 2. d4 Bb7 3. Nc3 e6 4. a3 Nf6 5. Nf3 d5 6. cxd5 Nxd5 7. e3 Nd7 8. Bb5 a6 9. Bd3 N7f6 10. O-O c5 11. Na4 cxd4 12. e4 b5 13. exd5 Bxd5 14. Nxd4 bxa4 15. Bc2 Bd6 16. Bxa4+ Kf8 17. Bg5 h5 18. Bc6 Bxh2+ 19. Kh1 Bxc6 20. Nxc6 Qxd1 21. Raxd1 Bc7 22. Bxf6 gxf6 23. Rd7 Be5 24. Nxe5 fxe5 25. Rc1 Kg7 26. Rc5 Kf6 27. Rc3 Rhf8 28. b4 e4 29. Rc4 Ke5 30. Rc5+ Kf4 31. Rxh5 f5 32. Rd6 Ke5 33. Rb6 Rfb8 34. Rxb8 Rxb8 35. g4 a5 36. bxa5 Ra8 37. gxf5 exf5 38. Rh3 Rxa5 39. Rb3 Kd4 40. Kg2 f4 41. Rb4+ Kd3 42. Rb3+ Kd2 43. Rb2+ Kc3 44. Rb4 Kd3 45. Rb3+ Kd2 46. Rb2+ Kc3 47. Rb4 Kd3 1/2-1/2

[Event "Calgary int."]
[Site "Calgary CAN"]
[Date "2012.05.15"]
[Round "1.4"]
[White "Haessel, Dale"]
[Black "Gurevich, Dmitry"]
[Result "0-1"]
[WhiteElo "2161"]
[BlackElo "2471"]
[PlyCount "52"]
[GameId "2160767909509409"]
[EventDate "2012.05.15"]
[EventType "swiss"]
[EventRounds "9"]
[EventCountry "CAN"]
[SourceTitle "CBM 148 Extra"]
[Source "ChessBase"]
[SourceDate "2012.06.22"]
[SourceVersion "1"]
[SourceVersionDate "2012.06.22"]
[SourceQuality "1"]

1. Nf3 d5 2. d4 Nf6 3. c4 e6 4. Nc3 Be7 5. Bg5 h6 6. Bh4 O-O 7. e3 b6 8. Be2 Bb7 9. Bxf6 Bxf6 10. cxd5 exd5 11. b4 a6 12. O-O Qd6 13. Qb3 Nd7 14. Rfd1 Rfe8 15. a4 a5 16. bxa5 Rxa5 17. Rab1 g6 18. Ne1 Kg7 19. Nd3 h5 20. g3 h4 21. Bf3 hxg3 22. hxg3 Rxe3 23. fxe3 Qxg3+ 24. Bg2 Qxe3+ 25. Kf1 Ba6 26. Ne2 Bh4 0-1

[Event "Calgary int."]
[Site "Calgary CAN"]
[Date "2012.05.15"]
[Round "1.5"]
[White "Hansen, Eric"]
[Black "Sequillion, Aaron"]
[Result "1-0"]
[WhiteElo "2454"]
[BlackElo "2012"]
[PlyCount "29"]
[GameId "2160767909509410"]
[EventDate "2012.05.15"]
[EventType "swiss"]
[EventRounds "9"]
[EventCountry "CAN"]
[SourceTitle "CBM 148 Extra"]
[Source "ChessBase"]
[SourceDate "2012.06.22"]
[SourceVersion "1"]
[SourceVersionDate "2012.06.22"]
[SourceQuality "1"]

1. Nf3 Nf6 2. c4 g6 3. Nc3 Bg7 4. e4 d6 5. d4 O-O 6. h3 e5 7. d5 a5 8. Be2 Na6 9. Bg5 h6 10. Be3 Nh5 11. g3 Qe8 12. Nh2 Nf6 13. Ng4 Kh7 14. Bxh6 Nxe4 15. Nxe4 1-0

[Event "Calgary int."]
[Site "Calgary CAN"]
[Date "2012.05.15"]
[Round "1.6"]
[White "Nguyen, Kim"]
[Black "Porper, Edward"]
[Result "0-1"]
[WhiteElo "2110"]
[BlackElo "2414"]
[PlyCount "152"]
[GameId "2160767909509411"]
[EventDate "2012.05.15"]
[EventType "swiss"]
[EventRounds "9"]
[EventCountry "CAN"]
[SourceTitle "CBM 148 Extra"]
[Source "ChessBase"]
[SourceDate "2012.06.22"]
[SourceVersion "1"]
[SourceVersionDate "2012.06.22"]
[SourceQuality "1"]

1. e4 Nf6 2. e5 Nd5 3. d4 d6 4. c4 Nb6 5. exd6 exd6 6. Nc3 Be7 7. Bd3 Nc6 8. Nge2 O-O 9. O-O Nb4 10. Bb1 g6 11. a3 Nc6 12. b3 Bf6 13. d5 Ne7 14. Ra2 Bf5 15. Bxf5 Nxf5 16. Ne4 Bg7 17. Bg5 Qc8 18. Bf6 Nd7 19. Bxg7 Nxg7 20. Nd4 Qd8 21. Re1 a6 22. f4 Nf6 23. Ng5 Qd7 24. Qf3 Rfe8 25. Rae2 Rxe2 26. Rxe2 Re8 27. Rxe8+ Qxe8 28. Qe2 Qxe2 29. Nxe2 Nf5 30. h3 h6 31. Nf3 Ne4 32. Nfd4 Ne3 33. Kh2 h5 34. Ng3 Nc5 35. Kg1 Nd3 36. Nge2 Kf8 37. h4 Ke7 38. g3 Kd7 39. Nc3 c5 40. dxc6+ bxc6 41. Ne4 c5 42. Ne2 Nc2 43. a4 Na1 44. Nd2 Ke6 45. Kg2 Kf5 46. Kf3 Nc2 47. Nc3 Nc1 48. Ne2 Nxe2 49. Kxe2 Nd4+ 50. Kf2 Ke6 51. Kg2 Kd7 52. Kf2 Kc6 53. Ke3 Nf5+ 54. Kf3 Kb6 55. g4 Nd4+ 56. Kg3 f5 57. gxh5 gxh5 58. Kf2 Ka5 59. Ke3 Kb4 60. Kd3 Ne6 61. Ke3 Kc3 62. Nf1 Kxb3 63. Ng3 Ng7 64. Kd3 Kxa4 65. Kc3 Ka5 66. Kb3 Kb6 67. Nf1 Ne6 68. Ng3 Nxf4 69. Nxf5 Kc6 70. Ka4 Kd7 71. Ka5 Ke6 72. Ne3 Ng6 73. Ng2 d5 74. Kxa6 dxc4 75. Kb5 c3 76. Ne1 Kd5 0-1